000
00298 a2200145 4500
001
155160
040
_c
Escola São Tomás de Aquino
100
_a
LIMA, Mirna
240
1
0
_a
Porta Aberta
_l
por
245
1
0
_a
Porta Aberta
300
_a
217
362
0
_a
2015
697
_a
HISTÓRIA
942
_c
BK
999
_c
155160
_d
155160